Elecciones de alcaldes municipales 2006 en Costa Rica /
El artículo expone las principales características de las elecciones de autoridades municipales en Costa Rica, específicamente en las elecciones del 2006. Abordando el contexto socio-político en el que se gestan las elecciones de autoridades municipales o comicios, la organización política y particu...
Gardado en:
| Autor Principal: | |
|---|---|
| Formato: | Texto |
| Materias: | |
| Acceso en liña: | ralfaro@estadonacion.or.cr |
| Etiquetas: |
Engadir etiqueta
Sen Etiquetas, Sexa o primeiro en etiquetar este rexistro!
|
MARC
| LEADER | 00000 a a2200000 04500 | ||
|---|---|---|---|
| 001 | 40376 | ||
| 003 | |||
| 040 | |||
| 100 | |a Alfaro Redondo, Ronald | ||
| 245 | |a Elecciones de alcaldes municipales 2006 en Costa Rica / |c Ronald Alfaro Redondo | ||
| 520 | 4 | |a El artículo expone las principales características de las elecciones de autoridades municipales en Costa Rica, específicamente en las elecciones del 2006. Abordando el contexto socio-político en el que se gestan las elecciones de autoridades municipales o comicios, la organización política y particularidades de estas autoridades, así como las reglas electorales para la conformación del gobierno municipal.Del mismo modo, se evidencian los bajos niveles de participación política en los comicios, comparándolos con las elecciones nacionales, y por ultimo se analizan los principales resultados de la elección municipal del 2006 en temas como las candidaturas a los cargos, partido ganador y asignación de puestos. | |
| 590 | |a SJB/DICIEMBRE2010 | ||
| 650 | |a 1.ELECCIONES | ||
| 650 | |a 2.GOBIERNO LOCAL | ||
| 650 | |a 3.PARTICIPACION POLITICA | ||
| 650 | |a 4.COMPORTAMIENTO POLITICO | ||
| 650 | |a 5.ABSTENCIONISMO ELECTORAL | ||
| 650 | |a 6.PARTIDOS POLITICOS | ||
| 650 | |a 7.COSTA RICA | ||
| 773 | |g volumen5, número1 ( , 2008), páginas 169-202 : tablas, gráficos | ||
| 856 | |u ralfaro@estadonacion.or.cr | ||
| 999 | |c 32735 |d 32735 | ||
